000 00361pam a2200157a 44500
008 230515b1980 xxu||||| |||| 00| 0 eng d
020 _aNULL
041 _aENGLISH
082 _aMEH
100 _aMEHTA PIYUSH J.
245 _aSTUDY OF AGGRADATIONIN ALLUVIAL STEEAMS
250 _aNULL
260 _aPUNE
_bN/A
_c1980
300 _a205- PB
650 _aNULL
999 _c661955
_d661955